Catalogue Prix-Courant (Record no. 4198)

MARC details
000 -CABECERA
campo de control de longitud fija 00808nam a2200241 a 4500
001 - NÚMERO DE CONTROL
campo de control BRCA_4492
005 - FECHA Y HORA DE LA ÚLTIMA TRANSACCIÓN
campo de control 20190320204706.0
008 - DATOS DE LONGITUD FIJA--INFORMACIÓN GENERAL
campo de control de longitud fija 140910s1916----fr-a######---#000-0#fre-#
041 ## - CÓDIGO DE LENGUA
Código de lengua del texto/banda sonora o título independiente fre
044 ## - CÓDIGO DEL PAÍS DE LA ENTIDAD EDITORA/PRODUCTORA
Código MARC del país fr
050 #4 - SIGNATURA TOPOGRÁFICA DE LA BIBLIOTECA DEL CONGRESO
Número de clasificación HE6226
Número de documento/Ítem .C38 1
-- 1916
245 10 - MENCIÓN DE TÍTULO
Título Catalogue Prix-Courant
Resto del título de Timbres-Poste.
250 ## - MENCIÓN DE EDICIÓN
Mención de edición 20
260 ## - PUBLICACIÓN, DISTRIBUCIÓN, ETC.
Lugar de publicación, distribución, etc. Amiens, Francia
Nombre del editor, distribuidor, etc. Yvert & Tellier
Fecha de publicación, distribución, etc. 1916
300 ## - DESCRIPCIÓN FÍSICA
Extensión xxxiii, 835 p.
Otras características físicas il.
Dimensiones 18 cm.
500 ## - NOTA GENERAL
Nota general Incluye léxico filatélico, la manera de reconocer los sellos, tabla de filigranas, cuadro de moneda extranjera, índice alfabético y tabla de materias
500 ## - NOTA GENERAL
Nota general Últimas hojas desprendidas y encuadernación deteriorada
500 ## - NOTA GENERAL
Nota general Ver también H15 (1918)
500 ## - NOTA GENERAL
Nota general CG1
650 14 - PUNTO DE ACCESO ADICIONAL DE MATERIA--TÉRMINO DE MATERIA
Término de materia o nombre geográfico como elemento de entrada Franqueo
Término indicativo de función/relación Sellos
Subdivisión de forma Catálogos
9 (RLIN) 11381
902 ## - CATALOGADOR
Iniciales GFM
942 ## - ELEMENTOS DE PUNTO DE ACCESO ADICIONAL (KOHA)
Fuente del sistema de clasificación o colocación Library of Congress Classification
Tipo de ítem Koha Libros
Holdings
Estado de retiro Estado de pérdida Estado dañado No para préstamo Localización permanente Ubicación/localización actual Fecha de adquisición Número de inventario Total de préstamos Signatura topográfica completa Código de barras Fecha visto por última vez Precio válido a partir de Tipo de ítem Koha
El ejemplar forma parte de la colección y puede ser consultado según las políticas vigentes.       Biblioteca del Museo Franz Mayer (Rogerio Casas-Alatriste) Biblioteca del Museo Franz Mayer (Rogerio Casas-Alatriste) 14/09/2010 CG1   HE6226 .C38 1 1916 (CG1) 4489 22/03/2019 22/03/2019 Libros